Cómo votamos: los sistemas electorales del mundo: pasado, presente y futuro

Saved in:
Bibliografiske detaljer
Hovedforfatter: Colomer, Josep M (Author)
Format: Bog
Sprog:spansk
Udgivet: Barcelona Gedisa 2004
Udgivelse:1a. ed
Serier:Ciencia Política, 8
Fag:
Tags: Tilføj Tag
Ingen Tags, Vær først til at tagge denne postø!

MARC

LEADER 00000nam a2200000 a 4500
001 UCH7593
003 CL-VaPUC
008 091119e20040000SP |||||||||||||||||spa|d
020 |a 8497840291 
082 0 4 |a 324.6  |b COL  |2 21 
100 0 |a Colomer, Josep M  |e author  |9 544000 
245 1 0 |a Cómo votamos: los sistemas electorales del mundo: pasado, presente y futuro 
250 |a 1a. ed 
300 |a 271 p 
942 |c BK 
945 |d 20091119 00:00:00  |a rbrito 
260 |a Barcelona  |b Gedisa  |c 2004 
650 0 |a Votación  |9 376129 
650 0 |a Sistemas electorales  |9 326307 
650 7 |a SUFRAGIO UNIVERSAL  |2 CL-VaPUC  |9 507206 
650 7 |a SISTEMAS POLITICOS  |2 CL-VaPUC  |9 544001 
650 0 |a Política  |9 255312 
650 7 |a LEY DE ELECCIONES  |2 CL-VaPUC  |9 258181 
650 0 |a Derecho electoral  |9 391229 
583 |a last modification  |c 20091119 00:00:00  |k Rodrigo Vera 
490 0 |a Ciencia Política, 8 
999 |c 338109  |d 338107 
952 |0 0  |1 0  |4 0  |6 324_600000000000000_COL_2004  |7 0  |8 A  |9 430942  |a BIBHIS  |b BIBHIS  |d 2019-11-22  |i 4619323  |o 324.6 COL 2004  |p 4619323  |r 2025-01-20  |w 2019-11-22  |y BK  |k HIS